000
00309nam a2200145Ia 4500
100
_a
Gupta B.P.
942
_c
BK
654
_a
Algebra
245
_a
Algebra and trigonometry
260
_b
Asia publishing house
_a
Bombay
_c
1967
082
_a
512.13
_b
Gup
300
_a
383
546
_a
ENGLISH
999
_c
19092
_d
19092